| 000 | 00399pam a2200157 a 4500 | ||
|---|---|---|---|
| 020 |
_a1-84038-260-0 _c |
||
| 041 | _h | ||
| 100 |
_aCHRISTINE FRANCE _eAuthor |
||
| 245 |
_aBARBECUE (200 RECIPES FOR OUTDOOR EATING) _cCHRISTINE FRANCE _hTextual Documents |
||
| 250 | _a1st | ||
| 260 |
_alondon _bHermes House |
||
| 300 | _a256 | ||
| 653 | _afood producation | ||
| 700 | _eCo-Author | ||
| 930 | _a342 | ||
| 999 |
_c242969 _d242969 |
||